-
Levin R. I. & Rubin D. S.
Entry Personal Name
Number of records used in: 3
001 - CONTROL NUMBER
003 - CONTROL NUMBER IDENTIFIER
005 - DATE AND TIME OF LATEST TRANSACTION
- control field:
20160521150520.0
008 - FIXED-LENGTH DATA ELEMENTS
- fixed length control field:
160521|| aca||aabn | a|a d
040 ## - CATALOGING SOURCE
- Original cataloging agency:
OSt
- Transcribing agency:
OSt
100 ## - HEADING--PERSONAL NAME
- Personal name:
Levin R. I. & Rubin D. S.
670 ## - SOURCE DATA FOUND
- Source citation:
Work cat.: (OSt): Levin R. I. & Rubin D. S., Statistics for Management